Porsche Models - Statistics

General Stats
  • This quiz has been taken 452 times
    451 since last reset
  • The average score is 10 of 20
Answer Stats
Picture Answer % Correct
Cayenne
82%
911 GT3
79%
Taycan
79%
Macan
77%
Panamera
77%
918 Spyder
69%
Cayman (718)
69%
Carrera GT
65%
911 GT2
64%
911 Carrera
57%
959
47%
944
46%
Boxster (718)
36%
356
33%
914
33%
924
33%
Cayman GT4 RS (718)
28%
935
25%
968
19%
924 Carrera GT
6%
No matching quizzes found
Score Distribution
Percent of People with Each Score
Percentile by Number Answered
Your Score History
You have not taken this quiz since the last reset